000 00904nam a2200253Ia 4500
003 OSt
005 20220923215725.0
006 a|||||r|||| 00| 0
007 ta
008 220922b |||||||| |||| 00| 0 hin d
024 _a181,217
037 _cTextual
040 _aARTS
_cARTS
_bhin
041 _2hin
_ahin
082 _aO152,1N328x, N2
100 _aनूतन, सुरेन्द्र नाथ
245 0 _aमधूलिका कविताओं और गीतों का संकलन
246 _aMadhūlikā kavitāoan aur gītoan kā sankalana
260 _aइलाहाबाद
_b अतुल प्रकाशन
_c1992
300 _a68 पृ.
_ccm.
650 _aहिन्दी साहित्य
_9156264
942 _hO152,1N328x, N2
_cTEXL
_2CC
999 _c334595
_d334595